Young children's personal, social and emotional development. -- 3rd ed. (Record no. 33027)

MARC details
000 -LEADER
fixed length control field 00722nam a2200193 a 4500
008 - FIXED-LENGTH DATA ELEMENTS--GENERAL INFORMATION
fixed length control field 120217s2010 ||||||||||||||||| || u
020 ## - INTERNATIONAL STANDARD BOOK NUMBER
International Standard Book Number 9781848601062
050 ## - LIBRARY OF CONGRESS CALL NUMBER
Classification number LB 1131 Dow
100 ## - MAIN ENTRY--PERSONAL NAME
Personal name Dowling, Marion
245 10 - TITLE STATEMENT
Title Young children's personal, social and emotional development. -- 3rd ed.
Statement of responsibility, etc. by Marion Dowling
250 ## - EDITION STATEMENT
Edition statement 3rd ed.
260 ## - PUBLICATION, DISTRIBUTION, ETC.
Place of publication, distribution, etc. London:
Name of publisher, distributor, etc. SAGE Publications
Date of publication, distribution, etc. 2010
300 ## - PHYSICAL DESCRIPTION
Extent xi, 227p.: ill.
350 ## -
-- 0.00
500 ## - GENERAL NOTE
General note Bibliography
650 ## - SUBJECT ADDED ENTRY--TOPICAL TERM
Topical term or geographic name entry element CHILD DEVELOPMENT--AFRICA
650 ## - SUBJECT ADDED ENTRY--TOPICAL TERM
Topical term or geographic name entry element CHILD PSYCHOLOGY
995 ## -
-- MEDICAL LIBRARY OPEN ACCESS
-- 901580
-- CBU-SCHOOL OF MEDICINE LIBRARY (Ndola)
-- 0.00
-- LB 1131 Dow
-- 1
-- AVAILABLE
-- Jun 26, 2012
-- 901580
-- Medical Library Open Access Collection
999 ## -
-- 33027
-- 33027
Holdings
Withdrawn status Lost status Source of classification or shelving scheme Damaged status Not for loan Permanent Location Current Location Shelving location Date acquired Total Checkouts Full call number Barcode Date last seen Price effective from Koha item type
          CBU-SCHOOL OF MEDICINE LIBRARY, NDOLA. CBU-SCHOOL OF MEDICINE LIBRARY, NDOLA.   11/30/2022   LB 1131 Dow 901580 11/30/2022 11/30/2022 MONOGRAPH